00367 2200157 4500001002100000005001500021035002000036245003700056100001900093300001200112260002900124082000800153084001400161020002200175990001200197INLIS00000000000174620250505015909 a0010-05250000381 aKekasih Impian /cWardah Maulina0 aWardah Maulina a168 hlm aJakarta :bFalcon,c2019 a813 a813 WAR k a978-602-6734-46-6 a0754621